| 000 | 00893nam a2200169 i 4500 | ||
|---|---|---|---|
| 001 | 47443 | ||
| 003 | ES-MaACL | ||
| 005 | 20230906161550.0 | ||
| 007 | t| | ||
| 008 | 030425m19391944it ||||1| ita d | ||
| 100 | 1 |
_aBenettini, Giorgio. _927552 |
|
| 245 | 1 | 0 |
_aCompendio di diritto civile _b: secondo il nuovo codice con il testo integrale di esso / _c[Giorgio Benettini]. |
| 260 |
_aMilano : _bFratelli Bocca, _c1939-1944. |
||
| 300 |
_a8 v. ; _c24 cm. |
||
| 505 | 8 | _a1. Disposizioni sull'applicazione della leggi in generale ; Delle persone --1.2. Disposizioni per l'attuazione del libro 1. e disposizione transitorie -- 1.3. Ordinamento dello stato civile -- 2. Delle successioni e delle donazioni -- 3. Carta del lavoro ; Libro dell propieta -- 4. Il libro della tutela dei diritti.. -- 5. Il livro del lavoro -- 6. Il libro delle obbligazioni | |
| 852 |
_aES-MaACL _jC-4195-4202 _bR.23817 |
||
| 999 |
_c47443 _d47443 |
||